Názvoslovie anorganických zlúčenín, zápis chemických reakcií a výpočty v anorganickej chémii

Bibliographic Details
Main Authors: Trebichalský, Pavol, 1974- (Author), Bajčan, Daniel, 1976- (Author)
Format: Book
Language:Slovak
PhysicalDescription:52 strán schémy 30 cm
Published: Nitra Vydavateľstvo SPU 2022
ISBN:9788055225463
Edition:Vydanie prvé
Subjects:

MARC

LEADER 00000cam a2200000 4500
001 vtls012196164
003 SK-MaSNL
005 20260301151829.0
008 230217s2022 xo l frnp 000 0 slo
015 |a SNBA2023/05 
020 |a 9788055225463  |q (brožované) 
040 |a SNK  |b slo  |c SNK  |e rda 
041 0 |a slo 
044 |a xo  |c SK 
072 7 |a 546  |x Anorganická chémia  |2 konspekt 
072 7 |a 37.016  |x Učebné osnovy. Vyučovacie predmety. Učebnice  |2 konspekt 
080 |a 546  |2 2011 
080 |a 546-3  |2 2011 
080 |a 544.4  |2 2011 
080 |a (075.8)  |2 2011 
080 |a (076.5)  |2 2011 
100 1 |a Trebichalský, Pavol,  |d 1974-  |4 aut  |9 79989 
245 1 0 |a Názvoslovie anorganických zlúčenín, zápis chemických reakcií a výpočty v anorganickej chémii  |c Pavol Trebichalský, Daniel Bajčan 
250 |a Vydanie prvé 
264 1 |a Nitra  |b Vydavateľstvo SPU  |c 2022 
300 |a 52 strán  |b schémy  |c 30 cm 
336 |a text  |b txt  |2 rdacontent 
337 |a bez média  |b n  |2 rdamedia 
338 |a zväzok  |b nc  |2 rdacarrier 
366 |e 200 kusov 
500 |a Vydala Slovenská poľnohospodárska univerzita v Nitre vo Vydavateľstve SPU 
500 |a Na obálke nad názvom: Slovenská poľnohospodárska univerzita v Nitre, Fakulta biotechnológie a potravinárstva, Ústav potravinárstva 
504 |a Obsahuje bibliografiu na strane 52 
521 8 |a Pre študentov SPU 
650 0 7 |a anorganická chémia  |2 SNKPH  |9 850 
650 0 7 |a anorganické zlúčeniny  |2 SNKPH  |9 86936 
650 0 7 |a chemické reakcie  |2 SNKPH  |9 68996 
650 0 7 |a Inorganic chemistry  |2 SNKPHeng  |9 265250 
650 0 7 |a Inorganic compounds  |2 SNKPHeng  |9 84760 
650 0 7 |a Chemical reactions  |2 SNKPHeng  |9 100691 
655 7 |a učebnice vysokých škôl  |2 SNKPH  |9 70191 
655 7 |a Textbooks (higher)  |2 SNKPHeng  |9 276436 
655 7 |a Problems, exercises, etc.  |2 SNKPHeng  |9 278342 
655 7 |a praktické cvičenia  |2 SNKPH  |9 70517 
700 1 |a Bajčan, Daniel,  |d 1976-  |4 aut  |9 82355 
710 2 |a Slovenská poľnohospodárska univerzita v Nitre.  |b Fakulta biotechnológie a potravinárstva.  |b Ústav potravinárstva  |4 pbl  |9 217886 
852 |a Štátna vedecká knižnica v Banskej Bystrici 
852 |a Slovenská národná knižnica 
919 |a 978-80-552-2546-3 
954 |a odborná, vedecká literatúra pôvodná (slovenská)  |2 lita 
958 |a NB 
999 |c 787697  |d 789627 
952 |a SNK  |b SNK  |y PREZ  |7 0  |p 17A1527920  |o snkSB 99004  |i snk2023/6266  |8 0  |0 0  |1 0  |4 0  |d 2023-04-18  |f 1  |l 0  |r 2025-05-22 00:00:00  |w 2026-02-24